000 00650 a2200217 4500
005 20240418161149.0
010 _aB-758647
020 _a8170996589
_c0.00
035 _aB-758647
037 _bGift/Unesco
082 _a352
100 _aMishra, S.N.
_964890
245 _aNew Panchayati Raj in Action /
_cS.N. Mishra , Lokesh Kumar [and] Chaitali Pal
260 _aDelhi
_bMittal Publication
_c1996
300 _a222p.;
_c22cm. (Hb)
500 _aIndex,
700 _a Lokesh Kumar
_964776
700 _a Pal, Chaitali
_964891
942 _adpl
_cEN
_2ddc
_h352
_mMIS
999 _c202273
_d202273